<?xml version="1.0" encoding="UTF-8"?><?xml-stylesheet type="text/xsl" href="static/style.xsl"?><OAI-PMH xmlns="http://www.openarchives.org/OAI/2.0/" xmlns:xsi="http://www.w3.org/2001/XMLSchema-instance" xsi:schemaLocation="http://www.openarchives.org/OAI/2.0/ http://www.openarchives.org/OAI/2.0/OAI-PMH.xsd"><responseDate>2026-06-03T21:20:07Z</responseDate><request verb="GetRecord" identifier="oai:riuma.uma.es:10630/44711" metadataPrefix="marc">https://riuma.uma.es/rest/oai/request</request><GetRecord><record><header><identifier>oai:riuma.uma.es:10630/44711</identifier><datestamp>2026-02-03T11:43:01Z</datestamp><setSpec>com_10630_2254</setSpec><setSpec>col_10630_37956</setSpec></header><metadata><record xmlns="http://www.loc.gov/MARC21/slim" xmlns:dcterms="http://purl.org/dc/terms/" xmlns:doc="http://www.lyncode.com/xoai" xmlns:xsi="http://www.w3.org/2001/XMLSchema-instance" xsi:schemaLocation="http://www.loc.gov/MARC21/slim http://www.loc.gov/standards/marcxml/schema/MARC21slim.xsd">
   <leader>00925njm 22002777a 4500</leader>
   <datafield ind2=" " ind1=" " tag="042">
      <subfield code="a">dc</subfield>
   </datafield>
   <datafield ind2=" " ind1=" " tag="720">
      <subfield code="a">España Pérez, José Alberto</subfield>
      <subfield code="e">author</subfield>
   </datafield>
   <datafield ind2=" " ind1=" " tag="260">
      <subfield code="c">2025</subfield>
   </datafield>
   <datafield ind2=" " ind1=" " tag="520">
      <subfield code="a">Sustainable development in AI is an essential element to ensure that this technology fosters a beneficial future from environmental, social, and economic perspectives. Indeed, the multiple applications of AI have great potential for achieving the UN Sustainable Development Goals. Accordingly, the EU has enacted the Artificial Intelligence Act, a legal framework adopted in 2024 that incorporates (to varying degrees) the principles of sustainable development in the use of AI systems. To this end, the legislative technique is fundamentally based on a risk management approach. The law classifies AI systems according to their risk levels and assigns different requirements and obligations accordingly. Thus, this article examines how the European law addresses the advancement of AI in its contribution to sustainability.</subfield>
   </datafield>
   <datafield ind2=" " ind1=" " tag="520">
      <subfield code="a">El desarrollo sostenible en la inteligencia artificial (IA) constituye un elemento esencial para lograr que esta tecnología asegure un futuro beneficioso desde la perspectiva medioambiental, social y económica. De hecho, las múltiples aplicaciones de la IA encierran un gran potencial para cumplir con los Objetivos de Desarrollo Sostenible. &#xd;
Bajo esta perspectiva la Unión Europea ha promulgado la denominada Ley de Inteligencia artificial. Un reciente marco legal que incorpora (en diferente amplitud) los postulados del desarrollo sostenible para el desarrollo de los sistemas de inteligencia artifician. Para ello, la técnica legislativa se basa fundamentalmente en un enfoque de gestión de riesgos. La ley clasifica los sistemas de IA según sus niveles de riesgo y asigna diferentes requisitos y obligaciones en consecuencia. Así, este trabajo examina cómo la legislación europea aborda el avance de la IA en su contribución a la sostenibilidad.</subfield>
   </datafield>
   <datafield ind1="8" ind2=" " tag="024">
      <subfield code="a">España Pérez, J.A. (2025). "The European Approach to the Use of Artificial Intelligence for Sustainable Development", en Hacker, P. (ed.). Oxford Intersections: AI in Society. Reino Unido: Oxford University Press, 2025, pp. 1-50. DOI: 10.1093/9780198945215.003.0161</subfield>
   </datafield>
   <datafield ind1="8" ind2=" " tag="024">
      <subfield code="a">https://hdl.handle.net/10630/44711</subfield>
   </datafield>
   <datafield tag="653" ind2=" " ind1=" ">
      <subfield code="a">Desarrollo sostenible</subfield>
   </datafield>
   <datafield tag="653" ind2=" " ind1=" ">
      <subfield code="a">Inteligencia artificial</subfield>
   </datafield>
   <datafield ind2="0" ind1="0" tag="245">
      <subfield code="a">The European Approach to the Use of Artificial Intelligence for Sustainable Development.</subfield>
   </datafield>
</record>
</metadata></record></GetRecord></OAI-PMH>